000
00309nam a22001337a 4500
003
SGT
020
_a
978-1-78627-198-3
082
_a
746.92
_b
S19S
100
_a
STERLACCI, FRANCESCA
245
_a
SEWING TECHNIQUES FOR BEGINNER
260
_a
LONDON
_b
L.K. PUB.
_c
2019
300
_a
352
942
_2
ddc
_c
BK
_0
2
999
_c
17253
_d
17253